000 00510nam a2200193Ia 4500
005 20250326143009.0
008 250326s9999 xx 000 0 und d
020 _a0-256-12539-2
037 _aTextbook
040 _aFMSL
_beng
_cFMSL
041 _aeng
_2eng
084 _aX:51 N5
_qFMSL
100 _aChurchill G A
_9737114
245 0 _aMarketing
_cChurchill G A; Peter J P
260 _aBoston
_bBoston, Irwin
_c1995
300 _a703p
942 _cTB
_hX:51 N5
999 _c1297636
_d1297636